01441nam a22003017a 450000500170000000800410001702000180005805000240007610000210010024000640012124501800018525000110036526000610037630000550043750000710049250000350056365000540059865000470065270000310069970000290073070000500075970000510080970000480086070000500090894200130095899900170097195201510098820250613133038.0110919t mx ||||| |||| 00| 0 spa d a978970106674404aHA29.5.S6bL56 20081 aLind, Douglas A.1 aStatistical Techniques in Business and EconomicslEspañol10aEstadística aplicada a los negocios y la economía c / Douglas A. Lind, William G. Marchal, Samuel A. Wathen ; revisión técnica Ofelia Vizcaíno Díaz ... [et, al.]. a3a ed. aMéxico : bMcGraw-Hill Interamericana Editores,c2008 axix, 859 p. :bil.,c27 cm.e+ 1 CD-Rom 4 3/4 plg. aTraducción de la 13a ed. en inglés / a la 3a ed. en español. aIncluye apéndices e índice 72lembaCiencias socialesxMétodos estadísticos 72lembaEconomíaxMétodos estadísticos1 aMarchal, William G.eautor1 aWathen, Samuel A.eautor1 aVizcaíno Díaz, Ofeliaerevisora técnica1 aCuevas Rodríguez, Enriqueerevisor técnico1 aPrieto Morín, Gilbertoerevisor técnico1 aOrozco Gómez, Margaritaerevisora técnica 2lcccLIB c89352d89352 102lcc4078aLIC-031bLIC-031cGENERALd2015-03-02eDONf3a ed.iCEAkCSAoHA29.5.S6 L56 2008pBCCA000010799r2015-03-02 00:00:00t1v650.00yLIB